000 00442nam a2200169 a 4500
001 0000-9025
003 ELIB.Books
008 110520 1880
035 _a(ELIB.Books)0000-9174
082 _aB
_bBin
100 _aBinney, J. G.
245 _aTwenty-Six years in burmah
260 _bPhiladelphia: American Baptist Publication Society
_c1880
650 _aBiography
942 _2ddc
_cBK
998 _cbat
_e2011-05-20
999 _c9025
_d9025